Genesis A-Z - Statistics

General Stats
  • This quiz has been taken 46 times
    36 since last reset
  • The average score is 15 of 24
Answer Stats
Hint Letter Answer % Correct
First man A Adam
100%
Garden 'A' lived in, and was banished from E Eden
100%
The builder of the ark N Noah
97%
Man who killed his brother, committing the first murder C Cain
94%
Animal 'N' released to check if the water had receded D Dove
91%
What the devil tempted the Eve with F Forbidden Fruit
88%
Failed tower built as a staircase to Heaven B Babel
85%
Younger of Issac's sons J Jacob
82%
City destroyed along with Sodom due to the wickedness of its inhabitants G Gomorrah
76%
Seth was 'C' and Abel's _______ brother Y Younger
76%
'F' came from the ____ of the Knowledge of Good and Evil T Tree
73%
Animal that the devil was when he tempted Eve S Serpent
67%
"Am I my brother's _____?" K Keeper
64%
God _______(P) a ram for Abraham as a burnt ________ (O) instead of Isaac O Offering
61%
Abraham's son who was cast out after the birth of Issac I Ishmael
58%
Said to have lived for 969 years M Methuselah
58%
Jacob's second wife R Rachel
58%
Where Abram was born U Ur
52%
God _______(P) a ram for Abraham as a burnt ________ (O) instead of Isaac P Provided
36%
Abram had a ____ of the starts in the sky and sand on the shore V Vision
36%
What 'I' (Jacob) did with God W Wrestle
33%
City where Abraham is believed to be buried H Hebron
24%
Father of 'J's wives L Laban
21%
Son of 'J', eventual tribe of Israel Z Zebulun
15%
No matching quizzes found
Score Distribution
Percent of People with Each Score
Percentile by Number Answered
Your Score History
You have not taken this quiz since the last reset